000 00348 a2200157 4500
001 71318
020 _a8532259308
040 _cAnchieta - Colégio São Paulo
100 _aGaldino, Luiz
240 1 0 _aTeseu e o Minotauro
_lpor
245 1 0 _aTeseu e o Minotauro
300 _a63
362 0 _a2006
650 4 _aLiteratura juvenil
942 _cBK
999 _c71318
_d71318